00915cam a22001937a 4500020001500000082001500015100002000030245003100050250001200081260004700093300003200140500003200172505035400204650001400558650001400572942000700586999001500593952011300608 a019874589304a572.86 LES1 aLesk, Arthur M.10aIntroduction to genomics / a2nd ed. aOxford ;bOxford University Press,cc2012. axxii, 397 p. :bcol. ill. ; aPrevious published in 2007.0 a1. Introduction to genomics -- 2. Genomes are the hub of biology -- 3. Mapping, sequencing, annotation, and databases -- 4. Comparative genomics -- 5. Evolution and genomic change -- 6. Genomes of prokaryotes -- 7. Genomes of eukaryotes -- 8. Genomics and human biology -- 9. Microarrays and transcriptomics -- 10. Proteomics -- 11. Systems biology. 0aGenomics.12aGenomics. cBK c2292d2292 0010708NFICaICbICcGENd2015-10-04g5075.00l0o572.86 LESp006962r2015-10-04 00:00:00w2015-10-04yREF